000 00399nam a2200169Ia 4500
001 23215
003 IN-NITTTR
005 20251114233301.0
008 251113s9999||||xx |||||||||||||| ||eng||
040 _beng
040 _cIN-NITTTR
041 _aeng
082 _aR543.0873 P94F
100 _aProkai, Laszlo
245 0 _aField desorption mass spectrometry /
_cProkai, Laszlo
942 _2ddc
_cBK
999 _c25844
_d25844